LIBRARY & INFORMATION CENTRE, KCAET, TAVANUR

ONLINE PUBLIC ACCESS CATALOGUE (OPAC)

Textbook of biotechnology (Record no. 13949)

MARC details
000 -LEADER
fixed length control field 00276nam a22001217a 4500
020 ## - INTERNATIONAL STANDARD BOOK NUMBER
ISBN 9788180941047
082 ## - DEWEY DECIMAL CLASSIFICATION NUMBER
Classification number 660.6
Item number LOH/TE
100 ## - MAIN ENTRY--AUTHOR NAME
Personal name Lohar, Prakash S
245 ## - TITLE STATEMENT
Title Textbook of biotechnology
260 ## - PUBLICATION, DISTRIBUTION, ETC. (IMPRINT)
Place of publication Chennai
Name of publisher MJP Publishers
Year of publication 2012
300 ## - PHYSICAL DESCRIPTION
Number of Pages 748p
942 ## - ADDED ENTRY ELEMENTS (KOHA)
Koha item type Books
Holdings
Withdrawn status Lost status Damaged status Collection code Home library Current library Shelving location Date acquired Source of acquisition Cost, normal purchase price Full call number Accession Number Koha item type
      Non-fiction KAUAET KAUAET General Stacks 30/03/2013 Minerva Books 595.00 660.6 LOH/TE 23784 Books
free website counter